Loading...
| Science - Biology | 0 | 2 | 0 | 1 | 20 | 91 | 98.00 | 0 | 0 | 2.61 | 4.55 |
| Fine Arts - Other | 0 | 1 | 0 | 0 | 10 | 114 | 114.00 | 0 | 0 | 1.41 | 4.55 |
| Fine Arts - Painting and Sculpture | 0 | 1 | 0 | 0 | 10 | 84 | 84.00 | 0 | 0 | 2.62 | 2.73 |
| History - European | 0 | 1 | 0 | 0 | 10 | 121 | 121.00 | 0 | 0 | 0.50 | 3.31 |
| Literature - British | 0 | 2 | 2 | 0 | 10 | 56 | 87.50 | 0 | 1 | 6.60 | 8.43 |
| Literature - European | 0 | 1 | 0 | 0 | 10 | 107 | 107.00 | 0 | 0 | 1.49 | 3.64 |
| Literature - World | 0 | 1 | 0 | 0 | 10 | 133 | 133.00 | 0 | 0 | 0.07 | 1.82 |
| Mythology | 0 | 1 | 0 | 1 | 10 | 128 | 128.00 | 0 | 0 | 0.07 | 0.91 |
| Fine Arts - Classical Music | 0 | 1 | 0 | 0 | 10 | 100 | 100.00 | 0 | 0 | 1.58 | 3.64 |
| Literature - American | 0 | 1 | 1 | 0 | 5 | 46 | 46.00 | 0 | 1 | 6.36 | 5.79 |
| Science - Chemistry | 0 | 1 | 1 | 0 | 5 | 56 | 56.00 | 0 | 1 | 4.05 | 7.27 |
| Social Science | 0 | 1 | 1 | 1 | 5 | 109 | 109.00 | 0 | 0 | 0.08 | 0.91 |
| Popular Culture | 0 | 0 | 1 | 0 | -5 | 0.00 | 0 | 0 | 0.00 | 0.00 | |
| Science - Physics | 0 | 0 | 2 | 0 | -10 | 0.00 | 0 | 0 | 0.00 | 0.00 |